| 000 | 01145nac a22003011u 4500 | ||
|---|---|---|---|
| 003 | EG-ScBUE | ||
| 005 | 20221009121332.0 | ||
| 008 | 221009s2004 ua a f b 001 0 eng d | ||
| 020 | _a9774248805 | ||
| 020 | _a9789774248801 | ||
| 040 |
_aEG-ScBUE _beng _erda _cEG-ScBUE _dEG-ScBUE |
||
| 082 | 0 | 4 |
_a709.32 _bART _222 |
| 245 | 0 | 4 |
_aThe art and archaeology of ancient Egypt / _ctext by Giorgio Agnese, Maurizio Re ; graphic design by Paola Piacco ; translation by Neil-Frazer Davenport. |
| 250 | _aNew extended and updated edition. | ||
| 264 | 1 |
_aCairo : _bThe American University in Cairo Press, _c2004. |
|
| 300 |
_a256 pages : _bcolor illustrations ; _c30 cm |
||
| 504 | _aIncludes bibliographical references and index. | ||
| 546 | _aText in English ; translated from the original language Arabic. | ||
| 650 | 7 |
_aArt, Egyptian. _2BUEsh |
|
| 650 | 7 |
_aArt, Ancient _zEgypt. _2BUEsh |
|
| 653 | _bART | ||
| 655 | _vReading book | ||
| 700 | 1 |
_aAgnese, Giorgio, _d1938- _eauthor. |
|
| 700 | 1 |
_aRe, Maurizio, _eauthor. |
|
| 700 | 1 |
_aPiacco, Paola, _eartist. |
|
| 700 | 1 |
_aDavenport, Neil Frazer, _etranslator. |
|
| 942 |
_cBB _k709.32ART _2ddc |
||
| 999 |
_c9138 _d9138 |
||